Využitie právnych noriem do vydania Zákona č. 35/67 Zb. o opatreniach proti znečisťovaniu ovzdušia

Bibliographic Details
Main Author: Prizemin, Peter (Author)
Format: Article
Language:Slovak
Subjects:

MARC

LEADER 00000nab a2200000 a 4500
001 vtls000406589
003 SK-MaSNL
005 20260302232114.0
008 220422c1989 xo 0 slo
015 |a SNBRA19rr/mm-uuuuu 
035 |a CL0406713 
040 |a SNKBUCL  |b slo  |c SNKBUCL  |e AACR2 
041 0 |a slo 
044 |a xo  |c SK 
080 |a 504.3.054  |2 1981 
080 |a 504.064.4  |2 1981 
080 |a 614.71/.73  |2 1981 
080 |a 006.86  |2 1981 
100 1 |a Prizemin, Peter  |4 aut  |9 963800 
245 1 0 |a Využitie právnych noriem do vydania Zákona č. 35/67 Zb. o opatreniach proti znečisťovaniu ovzdušia  |c Peter Prizemin 
650 0 7 |a atmosféra  |2 snkbucl  |9 3639 
655 7 |a články zo zborníkov  |2 snkbucl  |9 166140 
773 0 |t Ochrana životného prostredia v rezorte stavebníctva  |d Žilina : Dom techniky ČSVTS, 1989 
850 |a Slovenská národná knižnica v Martine  |a MTA001 
852 |a SNK  |b KIS3GCP 
958 |a RK 
958 |a ME 
992 |a RZB 
999 |c 1541492  |d 1543422